Biological synthesis of silver nanoparticles from Artemisia scoparia Waldst & Kit, Rhazya stricta Dcne and Libellulidae and their industrial applications / (Record no. 534008)

000 -LEADER
fixed length control field 00602nam a22001577a 4500
020 ## - INTERNATIONAL STANDARD BOOK NUMBER
Qualifying information Hard Cover.
082 ## - DEWEY DECIMAL CLASSIFICATION NUMBER
Classification number 570.5
100 ## - MAIN ENTRY--PERSONAL NAME
Personal name Hanif,Javaria
245 ## - TITLE STATEMENT
Title Biological synthesis of silver nanoparticles from Artemisia scoparia Waldst & Kit, Rhazya stricta Dcne and Libellulidae and their industrial applications /
Statement of responsibility, etc. Javaria Hanif.
260 ## - PUBLICATION, DISTRIBUTION, ETC.
Place of publication, distribution, etc. Islamabad :
Name of publisher, distributor, etc. ASAB - NUST,
Date of publication, distribution, etc. 2014.
300 ## - PHYSICAL DESCRIPTION
Extent xxiii, 164 p. ill. ;
Dimensions 30cm.
942 ## - ADDED ENTRY ELEMENTS (KOHA)
Source of classification or shelving scheme
Koha item type Thesis
650 ## - SUBJECT ADDED ENTRY--TOPICAL TERM
Topical term or geographic name entry element Applied Biosciences MS-Thesis.
700 ## - ADDED ENTRY--PERSONAL NAME
Personal name Dr. Hussain Janjua.
650 ## - SUBJECT ADDED ENTRY--TOPICAL TERM
-- 28028
700 ## - ADDED ENTRY--PERSONAL NAME
-- 28109
Holdings
Withdrawn status Lost status Source of classification or shelving scheme Damaged status Not for loan Permanent Location Current Location Shelving location Date acquired Total Checkouts Full call number Barcode Date last seen Price effective from Koha item type
          Central Library (CL) Central Library (CL) Thesis 01/28/2020   570.5 CL-T-4802 01/28/2020 01/28/2020 Thesis
© 2023 Central Library, National University of Sciences and Technology. All Rights Reserved.